[Event "AUTO-OPEN-2389"]
[Site "http://www.queenalice.com/game.php?id=949580"]
[Date "2011.6.14"]
[Round "1"]
[White "Macal"]
[Black "clovis"]
[Result "0-1"]
[WhiteElo "1309"]
[BlackElo "2017"]

1. e4 e5 2. Nf3 Nc6 3. g3 Nf6 4. Bc4 Bc5 5. h3 Nxe4 6. O-O Nxg3 7. Re1 O-O 8.
Nxe5 d5 9. Bb3 Nxe5 10. d3 Qh4 11. Kh2 Qxh3+ 12. Kg1 Qh1# 0-1

[Event "AUTO-OPEN-2389"]
[Site "http://www.queenalice.com/game.php?id=949603"]
[Date "2011.6.14"]
[Round "1"]
[White "Macal"]
[Black "nuage"]
[Result "1-0"]
[WhiteElo "1408"]
[BlackElo "1559"]

1. e4 e5 2. Qf3 Nf6 3. Nc3 Bc5 4. h3 O-O 5. Bc4 Nc6 6. Nge2 h6 7. d3 Nb4 8. O-O
Nxc2 9. Rb1 c6 10. Bxh6 gxh6 11. Qg3+ Kh7 12. Qxe5 d6 13. Qf4 Nh5 14. Qf3 Nb4
15. Bxf7 Ng7 16. a3 Nc2 17. e5 dxe5 18. Qe4+ Bf5 19. Qxe5 Bxd3 20. Qxc5 Rxf7 21.
Rfd1 Rd7 22. Rd2 Ne6 23. Qh5 Bg6 24. Qg4 Rxd2 25. Qxe6 Rd6 26. Qa2 Nb4 27. Qa1
Bxb1 28. Qxb1+ Rg6 29. Nf4 Qf6 30. Nxg6 Qxg6 31. axb4 Rg8 32. Qe4 Re8 33. Qf4
Re1+ 34. Kh2 Qg5 35. Qc7+ Qg7 36. Qxg7+ Kxg7 37. f4 Kf6 38. g4 Rf1 39. f5 Rf2+
40. Kg3 Rxb2 41. Ne4+ Ke5 42. Nc5 b6 43. Nd3+ Kd4 44. Nxb2 Kc3 45. Na4+ Kxb4 46.
Nb2 a5 47. f6 a4 48. f7 a3 49. Nd3+ Kb3 50. f8=Q a2 51. Nc1+ Kb2 52. Qg7+ Kxc1
53. Qa1+ Kd2 54. Qxa2+ Kc3 55. Qb1 Kc4 56. Qxb6 c5 57. Qxh6 Kd4 58. Kf3 c4 59.
Qe3+ Kd5 60. g5 Kc6 61. g6 Kb5 62. g7 Kb4 63. g8=Q c3 64. Qb8+ Kc4 65. Ke2 c2
66. Qc1 Kd4 67. Qxc2 Kd5 68. Qe8 Kd6 69. Qcc6# 1-0

[Event "AUTO-OPEN-2389"]
[Site "http://www.queenalice.com/game.php?id=949604"]
[Date "2011.6.14"]
[Round "1"]
[White "nuage"]
[Black "Macal"]
[Result "0-1"]
[WhiteElo "1583"]
[BlackElo "1384"]

1. Nf3 d5 2. d4 Nf6 3. g3 Nc6 4. Bg2 Bf5 5. a3 e6 6. Bg5 h6 7. Bf4 Be7 8. O-O
O-O 9. Nc3 Ne4 10. Ne5 a6 11. e3 g5 12. Nxf7 Rxf7 13. Qh5 Kg7 14. Be5+ Nxe5 15.
f3 Nd2 16. Rf2 Nec4 17. b3 Nxb3 18. cxb3 Nxa3 19. Raf1 c5 20. g4 Bg6 21. Qh3 c4
22. Qg3 Bd6 23. Qh3 b5 24. e4 cxb3 25. e5 b4 26. Nd1 Be7 27. Rb2 Bc2 28. Ne3 Nc4
29. Rxc2 Nxe3 30. Rb2 Nxf1 31. Bxf1 Rf4 32. Rxb3 Rxd4 33. Bd3 Bc5 34. Qh5 Rxg4+
35. Kf1 Rg1+ 36. Ke2 Kf8 37. Qxh6+ Ke8 38. Bg6+ Kd7 39. Qg7+ Qe7 40. Qxe7+ Bxe7
41. Ke3 Bc5+ 42. Kd3 Rd1+ 43. Ke2 Rd4 44. Rb1 g4 45. fxg4 Rxg4 46. Bf7 Rg2+ 47.
Kf3 Rf2+ 48. Kg3 Rxf7 49. h4 Rg8+ 50. Kh2 Rf2+ 51. Kh1 Rh8 52. Rc1 Rxh4+ 53. Kg1
Rc2+ 0-1

[Event "AUTO-OPEN-2389"]
[Site "http://www.queenalice.com/game.php?id=949605"]
[Date "2011.6.14"]
[Round "1"]
[White "Macal"]
[Black "GM_Freitas"]
[Result "0-1"]
[WhiteElo "1445"]
[BlackElo "2096"]

1. d4 Nf6 2. Nc3 d5 3. Bf4 Nh5 4. e4 Nxf4 5. exd5 Nxd5 6. Nxd5 Qxd5 7. Nf3 Bg4
8. h3 Bxf3 9. Qxf3 Qxf3 10. gxf3 Nc6 11. Bb5 O-O-O 12. O-O-O Nxd4 13. Bc4 e6 14.
Rd3 Ne2+ 15. Kb1 Rxd3 16. Bxd3 Nd4 17. f4 Bd6 18. c3 Nf3 19. b4 Bxf4 20. a4 Rd8
21. Bxh7 g6 22. h4 Rh8 23. Bxg6 fxg6 24. b5 Rxh4 25. Rd1 Rh2 26. Rf1 Nd2+ 0-1

[Event "AUTO-OPEN-2389"]
[Site "http://www.queenalice.com/game.php?id=949606"]
[Date "2011.6.14"]
[Round "1"]
[White "GM_Freitas"]
[Black "Macal"]
[Result "1-0"]
[WhiteElo "2045"]
[BlackElo "1432"]

1. d4 d6 2. c4 e5 3. dxe5 c5 4. Nf3 d5 5. cxd5 Ne7 6. Nc3 Qa5 7. e4 Bg4 8. Bb5+
Nd7 9. h3 Bh5 10. Bxd7+ Kxd7 11. e6+ fxe6 12. dxe6+ Ke8 13. Qd7# 1-0

[Event "AUTO-INT-2061"]
[Site "http://www.queenalice.com/game.php?id=949668"]
[Date "2011.6.14"]
[Round "1"]
[White "chess60"]
[Black "Macal"]
[Result "0-1"]
[WhiteElo "1597"]
[BlackElo "1383"]

1. e4 e5 2. Nf3 Nc6 3. Bb5 Qf6 4. O-O Bd6 5. Bxc6 dxc6 6. d4 c5 7. c3 Bg4 8. Qd3
Bxf3 9. Qxf3 cxd4 10. cxd4 exd4 11. Qxf6 Nxf6 12. Re1 O-O 13. Bg5 Ng4 14. e5 Bc5
15. Rc1 b6 16. h3 Nxe5 17. Bf4 Nd3 18. Rd1 Nxf4 19. Re1 d3 20. Nd2 Rae8 21. Kf1
Re2 22. Rxe2 dxe2+ 23. Kg1 Re8 24. g3 e1=Q+ 25. Rxe1 Rxe1+ 26. Kh2 Nh5 27. Nf3
Re2 28. Nh4 Rxf2+ 29. Kg1 Nxg3 30. Ng2 Rxb2+ 31. Kh2 Bd6 32. a4 Nf1+ 33. Kg1 Rb1
34. Nh4 c5 35. Nf5 Ne3+ 36. Kf2 Nxf5 37. Kf3 Bg3 38. Kg4 g6 39. a5 Rb4+ 40. Kg5
Bh4# 0-1

[Event "AUTO-INT-2061"]
[Site "http://www.queenalice.com/game.php?id=949669"]
[Date "2011.6.14"]
[Round "1"]
[White "Macal"]
[Black "chess60"]
[Result "0-1"]
[WhiteElo "1405"]
[BlackElo "1572"]

1. e4 e5 2. Nc3 Bb4 3. Qf3 Qf6 4. Bc4 Bxc3 5. Qxc3 Ne7 6. Nf3 Nbc6 7. d4 exd4 8.
Qa3 d6 9. Ng5 Nd8 10. O-O h6 11. Nf3 Bg4 12. Be2 O-O 13. c3 dxc3 14. bxc3 Ndc6
15. h3 Bh5 16. Rb1 Rab8 17. Bb5 a6 18. Bc4 Bxf3 19. gxf3 Qg6+ 20. Kh1 Ne5 21.
Be2 Qh5 22. Rb2 Qxh3+ 23. Kg1 Nxf3+ 24. Bxf3 Qxf3 25. Re1 Qg4+ 26. Kf1 Rfe8 27.
c4 Nc6 28. Qg3 Qxg3 29. fxg3 Re5 30. g4 Rc5 31. Rc2 Nd4 32. Rc3 Re8 33. Be3 Rxe4
34. Bxd4 Rxd4 35. Re8+ Kh7 36. g5 Rxg5 37. Kf2 Rd2+ 38. Ke3 Rxa2 39. c5 Rg3+ 40.
Kd4 Ra4+ 41. Rc4 Rg4+ 42. Re4 Rxe4+ 43. Kxe4 Rxc4+ 44. Kd5 Rxc5+ 0-1

[Event "AUTO-INT-2061"]
[Site "http://www.queenalice.com/game.php?id=949680"]
[Date "2011.6.14"]
[Round "1"]
[White "Ricardoabreu"]
[Black "Macal"]
[Result "0-1"]
[WhiteElo "1588"]
[BlackElo "1358"]

1. b3 e5 2. Bb2 Bd6 3. g3 Nf6 4. Bg2 O-O 5. e3 Nc6 6. Bxc6 bxc6 7. Nf3 h6 8.
Nxe5 Qe7 9. Nc4 Ba6 10. Nxd6 Qxd6 11. d3 Rfe8 12. Qf3 Nd5 13. Qg4 f6 14. Nd2 Nb4
15. Qd1 Qd5 16. O-O Bb7 17. e4 Qc5 18. c3 Na6 19. b4 Qg5 20. Nf3 Qg4 21. a3 c5
22. bxc5 Nxc5 23. Kg2 Ne6 24. c4 Rad8 25. Rb1 Nf4+ 26. Kg1 Qh3 27. gxf4 d5 28.
cxd5 c5 29. f5 g6 30. Bxf6 Rd7 31. Qa4 Bc8 32. Rb8 Qg4+ 33. Kh1 Qxf3+ 34. Kg1
gxf5 35. Rxc8 Rg7+ 36. Bxg7 Rxc8 37. Qd7 Qg4+ 38. Kh1 Rb8 39. Bxh6 Kh8 40. Rg1
Qf3+ 0-1

[Event "AUTO-INT-2061"]
[Site "http://www.queenalice.com/game.php?id=949681"]
[Date "2011.6.14"]
[Round "1"]
[White "Macal"]
[Black "Ricardoabreu"]
[Result "0-1"]
[WhiteElo "1368"]
[BlackElo "1580"]

1. e4 b6 2. d4 Bb7 3. Nh3 Bxe4 4. f3 Bb7 5. Bd3 e6 6. Nc3 g6 7. b3 Bg7 8. Be3
Qh4+ 9. Nf2 Bxd4 10. Qe2 Bxc3+ 11. Bd2 Bxa1 12. c3 Qf6 13. O-O Bxc3 14. Bxc3
Qxc3 15. Ng4 Nc6 16. f4 Nd4 17. Qe3 Qb2 18. Rf2 Qa1+ 19. Bf1 c5 20. Qe5 f6 21.
Nxf6+ Nxf6 22. Qxf6 Rf8 23. Qh4 h5 24. Qg5 Rg8 25. Qh6 O-O-O 26. h3 Nf5 27. Qg5
Qd4 28. g4 hxg4 29. Qxg4 Ne3 30. Qe2 Nxf1 31. Qxf1 Rdf8 32. Kh2 g5 33. a3 gxf4
34. a4 Qe5 35. Rg2 Rxg2+ 36. Qxg2 Bxg2 0-1

[Event "AUTO-INT-2061"]
[Site "http://www.queenalice.com/game.php?id=949686"]
[Date "2011.6.14"]
[Round "1"]
[White "vogeleduardo"]
[Black "Macal"]
[Result "0-1"]
[WhiteElo "1523"]
[BlackElo "1417"]

1. e4 e6 2. Nc3 Nf6 3. d3 d5 4. Be3 d4 5. e5 Nd5 6. Bxd4 Nxc3 7. bxc3 Ba3 8. g3
Nc6 9. Qg4 O-O 10. Ne2 Nxd4 11. Nxd4 f5 12. Qh5 Bb2 13. Rb1 Bxc3+ 14. Ke2 g6 15.
Qf3 Qxd4 16. Qe3 Qd5 17. Rg1 Qxa2 18. Qc1 Bxe5 19. f4 Bd4 20. Rg2 e5 21. Kd1
exf4 22. gxf4 Bd7 23. Rb4 Bb6 24. Rb2 Qd5 25. h4 Qf3+ 26. Kd2 Be3+ 27. Kc3 Bxc1
28. Rb1 Qxf1 29. Rg3 Bd2+ 30. Kb2 Bc3+ 31. Kxc3 Qxb1 32. h5 Be8 33. d4 a5 34. d5
Qb4+ 35. Kd3 Qb3+ 36. c3 Bb5+ 37. Kd4 Rae8 38. hxg6 Qc4# 0-1

[Event "AUTO-INT-2061"]
[Site "http://www.queenalice.com/game.php?id=949687"]
[Date "2011.6.14"]
[Round "1"]
[White "Macal"]
[Black "vogeleduardo"]
[Result "0-1"]
[WhiteElo "1437"]
[BlackElo "1503"]

1. e4 e5 2. Nf3 Nc6 3. Bc4 Bc5 4. c3 Nf6 5. d4 d5 6. Bb5 Bb6 7. Nxe5 O-O 8. exd5
Nxe5 9. dxe5 Nxd5 10. Bd3 f5 11. Qh5 g6 12. Qh6 Qe7 13. Bf4 Nxf4 14. Qxf4 Qc5
15. O-O Be6 16. b4 Qd5 17. Rd1 Rad8 18. Na3 a5 19. Bc4 Qc6 20. b5 Qe8 21. Nc2
Bxc4 22. Qxc4+ Kh8 23. Ne3 Qxe5 24. Re1 Rd2 25. Nf1 Bxf2+ 26. Kh1 Bxe1 27. Ng3
Bxg3 28. hxg3 Qxg3 29. Qf1 Rf2 30. Qg1 Re8 31. Rf1 Ree2 32. Rd1 Rd2 33. Re1 Rxg2
34. b6 Rh2+ 0-1

[Event "AUTO-BEG-490"]
[Site "http://www.queenalice.com/game.php?id=949721"]
[Date "2011.6.14"]
[Round "1"]
[White "rumplestiltskin"]
[Black "Macal"]
[Result "1-0"]
[WhiteElo "1503"]
[BlackElo "1459"]

1. e4 e5 2. f4 d6 3. Nf3 h6 4. Nc3 Qf6 5. d3 Ne7 6. g3 Bg4 7. Be2 Ng6 8. Nd5 Qd8
9. O-O c6 10. Ne3 d5 11. f5 Bxf3 12. fxg6 Bxe2 13. gxf7+ Ke7 14. Qxe2 g6 15. Qg4
g5 16. Nf5+ Kxf7 17. Nxh6+ Kg6 18. Qe6+ Kh5 19. Nf7 Qd7 20. Qxd7 Nxd7 21. Nxh8
Bc5+ 22. Kg2 Rxh8 23. Rf5 Be7 24. Bd2 Rg8 25. Raf1 d4 26. Rf7 Re8 27. Bxg5 Kxg5
28. h4+ Kg6 29. R1f5 Rf8 30. h5+ Kh6 31. Rxe7 Nf6 32. Rxb7 a5 33. g4 Nh7 34. Rb6
Rxf5 35. exf5 Kg5 36. Kg3 Nf6 37. Rxc6 Nxg4 38. Rc5 Kxf5 39. Rxa5 Kg5 40. c4
dxc3 41. bxc3 Kxh5 42. c4 Kg5 43. c5 Nf6 44. c6 Kf5 45. c7 Nh5+ 46. Kh4 1-0

[Event "AUTO-BEG-490"]
[Site "http://www.queenalice.com/game.php?id=949722"]
[Date "2011.6.14"]
[Round "1"]
[White "Macal"]
[Black "rumplestiltskin"]
[Result "0-1"]
[WhiteElo "1442"]
[BlackElo "1522"]

1. e4 d5 2. e5 e6 3. d4 a6 4. c4 c6 5. Bd2 Nd7 6. Nf3 g6 7. a3 Nh6 8. c5 Bg7 9.
Bd3 f5 10. O-O b6 11. b4 O-O 12. h3 Qe7 13. Re1 Nf7 14. cxb6 Nxb6 15. Nc3 Bb7
16. Rb1 Bc8 17. Qe2 h5 18. Rbc1 Bd7 19. Be3 Nh6 20. Ng5 Be8 21. Rc2 Nf7 22. h4
Bh6 23. f4 Qd7 24. Bxa6 Kg7 25. b5 Nc4 26. bxc6 Qxc6 27. Bb5 Qb6 28. a4 Bxg5 29.
fxg5 Nd8 30. Bxe8 Rxe8 31. Rb1 Qa5 32. Nb5 Rb8 33. Nc3 Nc6 34. Rb5 Na3 35. Rxa5
Nxa5 36. Rb2 N3c4 37. Rxb8 Rxb8 38. Nb5 Nb6 39. Bd2 Nac4 40. a5 Nd7 41. Nc7 Rb2
42. Nxe6+ Kf7 43. Nd8+ Ke8 44. e6 Kxd8 45. e7+ Ke8 46. a6 Rxd2 47. Qe1 Rxd4 48.
g3 Ncb6 49. a7 Re4 50. Qa5 Kxe7 51. Qa3+ Ke6 52. Qa6 Ke7 53. a8=Q Nxa8 54. Qxa8
d4 55. Qd5 Rg4 56. Qg8 d3 57. Qa2 Rxg3+ 58. Kf2 f4 59. Qd2 Nc5 60. Qxf4 d2 61.
Qxd2 Ne4+ 62. Ke1 Nxd2 63. Kxd2 Rh3 0-1

[Event "AUTO-BEG-490"]
[Site "http://www.queenalice.com/game.php?id=949741"]
[Date "2011.6.14"]
[Round "1"]
[White "Macal"]
[Black "Gusttavo"]
[Result "1-0"]
[WhiteElo "1421"]
[BlackElo "1002"]

1. d4 d5 2. e3 f5 3. Nf3 Nf6 4. Bb5+ Bd7 5. Nc3 Bxb5 6. Nxb5 Nc6 7. h3 e6 8. O-O
Bd6 9. b3 e5 10. Re1 Qe7 11. c3 O-O 12. b4 e4 13. Ng5 1-0

[Event "AUTO-BEG-490"]
[Site "http://www.queenalice.com/game.php?id=949742"]
[Date "2011.6.14"]
[Round "1"]
[White "Gusttavo"]
[Black "Macal"]
[Result "0-1"]
[WhiteElo "1000"]
[BlackElo "1423"]

1. e4 e6 2. d4 d5 3. e5 Nc6 4. Bb5 Bd7 5. c4 Bb4+ 6. Nc3 f6 7. Nf3 fxe5 8. Bxc6
Bxc6 9. Nxe5 Qe7 10. Nxc6 bxc6 11. O-O Bd6 12. Qa4 Rd8 13. Re1 h6 0-1

[Event "QA-ANNIV-07"]
[Site "http://www.queenalice.com/game.php?id=950579"]
[Date "2011.6.16"]
[Round "1"]
[White "Macal"]
[Black "PU1JQF"]
[Result "1-0"]
[WhiteElo "1445"]
[BlackElo "1397"]

1. e4 e5 2. Nf3 Nf6 3. Bc4 Nxe4 4. d3 Nc5 5. Nxe5 Na4 6. c3 Qe7 7. Bd2 Qxe5+ 8.
Be3 d5 9. Bb3 Nxb2 10. Qe2 Bg4 11. Qxg4 Nd7 12. d4 Nd3+ 13. Kd2 Nf6 14. dxe5
Nxg4 15. Kxd3 O-O-O 16. f4 c6 17. h3 Nh6 18. Nd2 b6 19. g4 Ba3 20. g5 Nf5 21. h4
Ng3 22. Rhg1 d4 23. Bxd4 c5 24. Rxg3 Kc7 25. Kc2 Rhf8 26. Bf2 Kb7 27. Nb1 c4 28.
Bxc4 Rc8 29. Nxa3 Ra8 30. Bd5+ Kb8 31. Rb1 Kc7 32. Bxa8 Rxa8 33. Nb5+ Kc6 34.
Rd3 Re8 35. Nxa7+ Kc7 36. Rxb6 Re6 37. Rxe6 g6 38. Bb6+ Kb7 39. Rd7+ 1-0

[Event "AUTO-BEG-488"]
[Site "http://www.queenalice.com/game.php?id=973687"]
[Date "2011.8.17"]
[Round "2"]
[White "fgf2011"]
[Black "Macal"]
[Result "1-0"]
[WhiteElo "1758"]
[BlackElo "1443"]

1. e4 e5 2. Nf3 Nc6 3. Bb5 Nf6 4. d3 Bc5 5. Bxc6 dxc6 6. Nxe5 O-O 7. h3 Qd4 8.
Be3 Qxb2 9. Bxc5 Re8 10. Nd2 Qc3 11. Be3 Rxe5 12. O-O c5 13. Nb3 c4 14. Bd4 Qb4
15. Bxe5 cxb3 16. axb3 Qe7 17. Bf4 h6 18. Be3 b6 19. Qd2 Bd7 20. f4 a5 21. f5
Nxe4 22. dxe4 Qxe4 23. Bxh6 Bxf5 24. Qg5 g6 25. Qf6 1-0

[Event "AUTO-BEG-488"]
[Site "http://www.queenalice.com/game.php?id=973688"]
[Date "2011.8.17"]
[Round "2"]
[White "Macal"]
[Black "fgf2011"]
[Result "0-1"]
[WhiteElo "1464"]
[BlackElo "1761"]

1. e4 e5 2. Nf3 Nf6 3. Nxe5 Qe7 4. d4 d6 5. Nc4 Nxe4 6. Nbd2 Nc3+ 7. Ne3 Nxd1 8.
Kxd1 g6 9. Bb5+ c6 10. Re1 Qd7 11. Be2 Bg7 12. Nd5 O-O 13. Bb5 cxb5 14. Ne7+ Kh8
15. b4 Bxd4 16. Rb1 Bxf2 17. Re2 Bh4 18. Bb2+ f6 19. g3 Bg5 20. h4 Bxd2 21. Kxd2
Nc6 22. Nd5 Ne5 23. Rf1 Nc4+ 24. Kc1 Nxb2 25. Kxb2 Qg4 26. Re7 Qd4+ 27. Nc3
Qxb4+ 28. Kc1 Qxc3 29. g4 Qa1+ 0-1

[Event "AUTO-BEG-488"]
[Site "http://www.queenalice.com/game.php?id=973691"]
[Date "2011.8.17"]
[Round "2"]
[White "lffac"]
[Black "Macal"]
[Result "1-0"]
[WhiteElo "1721"]
[BlackElo "1429"]

1. e4 Nc6 2. Nf3 e5 3. Bb5 Nf6 4. d3 d5 5. Bxc6+ bxc6 6. Nbd2 Bb4 7. c3 Bc5 8.
Nxe5 O-O 9. Nxc6 Qd7 10. Ne5 Qe6 11. f4 Ng4 12. Nxg4 Qxg4 13. Qxg4 Bxg4 14. d4
Bd6 15. e5 Rae8 16. O-O Be7 17. h3 Be2 18. Re1 Bd3 19. Nb3 Bh4 20. Re3 Bf5 21.
Bd2 Re6 22. Be1 Bxe1 23. Rexe1 Rg6 24. g4 Bc2 25. Kf2 Rh6 26. Kg3 Be4 27. Nc5 f5
28. g5 Rg6 29. Nxe4 dxe4 30. b4 Rb8 31. a4 Rc6 32. Rac1 Rg6 33. h4 h6 34. Rb1
Kf7 35. c4 a5 36. b5 hxg5 37. hxg5 Rh8 38. Rh1 Rd8 39. d5 Ke7 40. c5 Rxd5 41. b6
Rd3+ 42. Kh4 Kd8 43. b7 Ke7 44. b8=Q 1-0

[Event "AUTO-BEG-488"]
[Site "http://www.queenalice.com/game.php?id=973692"]
[Date "2011.8.17"]
[Round "2"]
[White "Macal"]
[Black "lffac"]
[Result "0-1"]
[WhiteElo "1425"]
[BlackElo "1725"]

1. e4 e5 2. Nf3 Nf6 3. Nxe5 Qe7 4. d4 d6 5. Nc4 Nxe4 6. Be2 Qd8 7. O-O Be7 8.
Nc3 Nxc3 9. bxc3 d5 10. Ne3 O-O 11. c4 dxc4 12. Nxc4 Bf6 13. c3 Be6 14. Na5 b6
15. Nb7 Qc8 16. c4 Qxb7 17. Bf3 c6 18. d5 Bd7 19. Ba3 Re8 20. Rb1 Na6 21. c5 b5
22. Be4 Rxe4 23. d6 Rae8 24. Qd2 Nb8 25. Rfe1 Bg5 26. Qa5 Bf5 27. h3 Qa6 28. Bb4
Qxa5 29. Bxa5 Bd8 30. Bc3 Rxe1+ 31. Rxe1 Rxe1+ 32. Bxe1 Na6 33. g4 Be6 34. f4
Nxc5 35. Bf2 Bb6 36. Kh2 Nb7 37. f5 Bxf2 38. fxe6 fxe6 39. Kg2 Bc5 40. d7 Kf8
41. h4 Ke7 42. h5 Kxd7 43. Kg3 Be7 44. Kf4 Kd6 45. g5 Kd5 0-1

[Event "AUTO-BEG-488"]
[Site "http://www.queenalice.com/game.php?id=973695"]
[Date "2011.8.17"]
[Round "2"]
[White "Macal"]
[Black "FFFABIO"]
[Result "1-0"]
[WhiteElo "1440"]
[BlackElo "1633"]

1. e4 e5 2. Nf3 d6 3. Nc3 c6 4. Bc4 h6 5. O-O Be7 6. d3 Nf6 7. h3 a5 8. Be3 a4
9. a3 b5 10. Ba2 Nh5 11. d4 exd4 12. Qxd4 Bf6 13. e5 dxe5 14. Qxd8+ Kxd8 15.
Bxf7 Nf4 16. Rad1+ Ke7 17. Ba2 Nd7 18. Rd2 Rd8 19. Rfd1 Ke8 20. g3 Nxh3+ 21. Kg2
Ng5 22. Nh4 Nh7 23. Rd6 Bb7 24. Re6+ Be7 25. Ng6 Nhf8 26. Rxe7# 1-0

[Event "AUTO-BEG-488"]
[Site "http://www.queenalice.com/game.php?id=973696"]
[Date "2011.8.17"]
[Round "2"]
[White "FFFABIO"]
[Black "Macal"]
[Result "1-0"]
[WhiteElo "1644"]
[BlackElo "1423"]

1. e4 e5 2. Nf3 Nc6 3. Be2 Nf6 4. d3 d5 5. exd5 Nxd5 6. a3 Bc5 7. b4 Bb6 8. O-O
Bf5 9. b5 Nd4 10. Nxe5 O-O 11. Bf3 f6 12. Nc4 a6 13. Bxd5+ Qxd5 14. Ne3 Qe5 15.
bxa6 Rxa6 16. Bb2 Qf4 17. Nd5 c6 18. Nxf4 Bc7 19. Bxd4 Bxf4 20. Bc5 Rd8 21. Be3
Be5 22. Ra2 Be6 23. c3 Bxa2 24. d4 Bd6 25. Qc2 Bc4 26. Re1 Re8 27. a4 Bf4 28.
Na3 Bd5 29. Qc1 g5 30. c4 Bf7 31. g3 Bd6 32. c5 Bc7 33. Qd1 b6 34. Nb1 b5 35.
axb5 cxb5 36. Qf3 Kg7 37. Qb7 Rea8 38. Qxc7 Ra1 39. Qb7 R8a5 40. Qe4 Bg6 41.
Qe7+ Kh6 42. Qf8+ Kh5 43. Qxf6 h6 44. Qf3+ g4 45. Qd5+ 1-0